000 01610nam a22002177a 4500
999 _c62950
_d62950
003 Ge_BSU
005 20250328113643.0
008 250328s2024 ge ||||| |||| 00| 0 geo d
020 _a9789941987564
041 _ageo
080 _a343(479.22) ჯ-56
100 _aჯიშკარიანი, ბაჩანა
_924708
245 _aსისხლის სამართლის კერძო ნაწილი : დანაშაული საკუთრების წინააღმდეგ = Strafrecht Besonderer Teil : Eigentums- und Vermögensdelikte /
_c ბაჩანა ჯიშკარიანი; ყდის დიზაინი გვანცა მახათაძე; ქართული, გერმანული და საერთაშორისო სისხლის სამართლის ინსტიტუტის ბიბლიოთეკა.
264 _aთბილისი :
_b იურისტების სამყარო,
_c2024.
300 _a138 გვ. ;
_b24 სმ.
504 _aბიბლიოგრაფია: გვ. 134-136.
653 _aსაქართველოს სისხლის სამართალი
700 _aმახათაძე, გვანცა
_eყდის დიზაინერი
_924709
710 _aქართული, გერმანული და საერთაშორისო სისხლის სამართლის ინსტიტუტის ბიბლიოთეკა
_924710
942 _2udc
_cᲬᲘᲒᲜᲘ